| 000 | 00675nam a2200217 4500 | ||
|---|---|---|---|
| 003 | OSt | ||
| 005 | 20170213140300.0 | ||
| 008 | 170213b xxu||||| |||| 00| 0 eng d | ||
| 020 | _a97814511187014 | ||
| 040 | _c040a | ||
| 082 |
_aWY 100 _bS26s 2009 |
||
| 100 |
_aRalph, Sheila Sparks _911527 |
||
| 245 |
_aSparks and Taylor's nursing diagnosis reference manual / _cSheila Sparks Ralph, Cynthia M. Taylor |
||
| 250 | _a9th.ed. | ||
| 260 |
_aPhiladelphia _bWolters KLuwer _c2009 |
||
| 300 |
_axxix, 845p; _c16cm. |
||
| 504 | _aIncludes bibliographical references and index | ||
| 650 |
_aNursing diagnosis _96489 |
||
| 700 |
_aTaylor, Cynthia M. _911528 |
||
| 942 |
_2z _cO_SHELF |
||
| 999 |
_c5529 _d5529 |
||